<?xml version="1.0" encoding="UTF-8"?>
<record
    xmlns:xsi="http://www.w3.org/2001/XMLSchema-instance"
    xsi:schemaLocation="http://www.loc.gov/MARC21/slim http://www.loc.gov/standards/marcxml/schema/MARC21slim.xsd"
    xmlns="http://www.loc.gov/MARC21/slim">

  <leader>01939nam a22002657a 4500</leader>
  <datafield tag="952" ind1=" " ind2=" ">
    <subfield code="0">0</subfield>
    <subfield code="1">0</subfield>
    <subfield code="2">lcc</subfield>
    <subfield code="4">0</subfield>
    <subfield code="7">0</subfield>
    <subfield code="a">04</subfield>
    <subfield code="b">04</subfield>
    <subfield code="d">2013-08-23</subfield>
    <subfield code="l">3</subfield>
    <subfield code="o">QH540 C36</subfield>
    <subfield code="p">05 001427</subfield>
    <subfield code="r">2023-06-15</subfield>
    <subfield code="s">2015-06-09</subfield>
    <subfield code="t">1</subfield>
    <subfield code="w">2013-08-23</subfield>
    <subfield code="y">LB</subfield>
  </datafield>
  <datafield tag="952" ind1=" " ind2=" ">
    <subfield code="0">0</subfield>
    <subfield code="1">0</subfield>
    <subfield code="2">lcc</subfield>
    <subfield code="4">0</subfield>
    <subfield code="7">0</subfield>
    <subfield code="a">04</subfield>
    <subfield code="b">04</subfield>
    <subfield code="d">2013-08-23</subfield>
    <subfield code="l">2</subfield>
    <subfield code="o">QH540 C36</subfield>
    <subfield code="p">05 001428</subfield>
    <subfield code="r">2023-06-15</subfield>
    <subfield code="s">2014-10-22</subfield>
    <subfield code="t">2</subfield>
    <subfield code="w">2013-08-23</subfield>
    <subfield code="y">LB</subfield>
  </datafield>
  <datafield tag="952" ind1=" " ind2=" ">
    <subfield code="0">0</subfield>
    <subfield code="1">0</subfield>
    <subfield code="2">lcc</subfield>
    <subfield code="4">0</subfield>
    <subfield code="7">0</subfield>
    <subfield code="a">04</subfield>
    <subfield code="b">04</subfield>
    <subfield code="d">2013-08-23</subfield>
    <subfield code="l">6</subfield>
    <subfield code="o">QH540 C36</subfield>
    <subfield code="p">05 001429</subfield>
    <subfield code="r">2024-11-28</subfield>
    <subfield code="s">2024-11-13</subfield>
    <subfield code="t">3</subfield>
    <subfield code="w">2013-08-23</subfield>
    <subfield code="y">LB</subfield>
  </datafield>
  <datafield tag="999" ind1=" " ind2=" ">
    <subfield code="c">90636</subfield>
    <subfield code="d">90636</subfield>
  </datafield>
  <controlfield tag="008">130823s2011    mx a          001 0 spa d</controlfield>
  <datafield tag="020" ind1=" " ind2=" ">
    <subfield code="a">9786075080239</subfield>
  </datafield>
  <datafield tag="050" ind1=" " ind2="4">
    <subfield code="a">QH540 </subfield>
    <subfield code="b">C36</subfield>
  </datafield>
  <datafield tag="100" ind1="1" ind2=" ">
    <subfield code="a">Camacho Anguiano, Iv&#xE1;n </subfield>
    <subfield code="e">, autor </subfield>
  </datafield>
  <datafield tag="245" ind1="1" ind2="0">
    <subfield code="a">Ecolog&#xED;a y medio ambiente</subfield>
    <subfield code="c"> / Ivan Camacho Anguiano ; ilistraciones Andr&#xE9;s Ram&#xED;rez</subfield>
  </datafield>
  <datafield tag="260" ind1=" " ind2=" ">
    <subfield code="a">M&#xE9;xico</subfield>
    <subfield code="b"> : ST editorial </subfield>
    <subfield code="c">, 2011</subfield>
  </datafield>
  <datafield tag="300" ind1=" " ind2=" ">
    <subfield code="a">151 p&#xE1;ginas </subfield>
    <subfield code="b"> : ilustraciones a color </subfield>
    <subfield code="c"> ; 28 cm.</subfield>
  </datafield>
  <datafield tag="490" ind1="0" ind2=" ">
    <subfield code="a">Bachillerato </subfield>
  </datafield>
  <datafield tag="500" ind1=" " ind2=" ">
    <subfield code="a">En portada: Desarrolla Competencias </subfield>
  </datafield>
  <datafield tag="504" ind1=" " ind2=" ">
    <subfield code="a">Bibliograf&#xED;a (p. 151) </subfield>
  </datafield>
  <datafield tag="505" ind1=" " ind2=" ">
    <subfield code="a">Aplica los conocimientos b&#xE1;sicos de ecolog&#xED;a 
Reconoce los conceptos de ecolog&#xED;a y educaci&#xF3;n ambiental y establece la diferencia entre ellos 
Conoce y describe los factores bi&#xF3;ticos y abi&#xF3;ticos del ambiente 
Identifica los principales problemas ecol&#xF3;gicos para actuar con propuestas de soluci&#xF3;n 
Conoce el concepto de impacto ambiental 
Se&#xF1;ala las causas y los efectos del deterioro ambiental 
Ubica las principales &#xE1;reas protegidas por el pa&#xED;s 
Conoce la legislaci&#xF3;n ambiental mexicana 
Conoce el concepto de desarrollo sustentable 
Elabora proyectos de educaci&#xF3;n ambiental en su entorno social 
Reconoce los impactos ambientales de su localidad
Reconoce la contaminaci&#xF3;n atmosf&#xE9;rica en aguas, en suelo, por ruido y visual 
Reconoce el concepto de energ&#xED;as limpias </subfield>
  </datafield>
  <datafield tag="519" ind1=" " ind2=" ">
    <subfield code="a">Plan UNAM / </subfield>
    <subfield code="b">Preparatoria Quinto A&#xF1;o / </subfield>
    <subfield code="c">Biolog&#xED;a IV (1502) / </subfield>
    <subfield code="d">(05 001427 ; 05 001428)</subfield>
  </datafield>
  <datafield tag="519" ind1=" " ind2=" ">
    <subfield code="a">Plan UNAM / </subfield>
    <subfield code="b">Preparatoria Sexto A&#xF1;o / </subfield>
    <subfield code="c">Temas Selectos de Biolog&#xED;a - &#xC1;rea II (1711) / </subfield>
    <subfield code="d">(05 001429)</subfield>
  </datafield>
  <datafield tag="519" ind1=" " ind2=" ">
    <subfield code="a">Plan UNAM / </subfield>
    <subfield code="b">CCH Tercer Semestre / </subfield>
    <subfield code="c">Biolog&#xED;a I (1303) / </subfield>
    <subfield code="d">(05 001427 ; 05 001428)</subfield>
  </datafield>
  <datafield tag="519" ind1=" " ind2=" ">
    <subfield code="a">Plan UNAM / </subfield>
    <subfield code="b">CCH Cuarto Semestre / </subfield>
    <subfield code="c">Biolog&#xED;a II (1403) / </subfield>
    <subfield code="d">(05 001429)</subfield>
  </datafield>
  <datafield tag="650" ind1=" " ind2="4">
    <subfield code="a">ECOLOG&#xCD;A </subfield>
    <subfield code="x">MEDIO AMBIENTE </subfield>
  </datafield>
  <datafield tag="650" ind1=" " ind2="4">
    <subfield code="a">MEDIO AMBIENTE </subfield>
    <subfield code="x">CONTAMINACI&#xD3;N </subfield>
  </datafield>
  <datafield tag="700" ind1="1" ind2=" ">
    <subfield code="a">Ram&#xED;rez, Andr&#xE9;s </subfield>
    <subfield code="e">, ilustrador </subfield>
  </datafield>
  <datafield tag="942" ind1=" " ind2=" ">
    <subfield code="c">LB</subfield>
  </datafield>
</record>
